| 000 | 01344nam a22002897a 4500 | ||
|---|---|---|---|
| 005 | 20240530110452.0 | ||
| 008 | 150406s2010 ua f b 001 0 eng d | ||
| 017 |
_a2010/9557 _bمصر . دار الكتب المصرية |
||
| 020 | _a9789777040686 | ||
| 040 | _aEG-CaGPL | ||
| 082 | 0 | 4 |
_221 _a333.91 _bق/هـ ن |
| 245 | 0 | 0 |
_aنهر النيل : _bمشاركة فى مورد نادر عرض تاريخى و فنى لادراة المياه و لقضايا اقتصادية و قانونية / _cتحرير بى . بى هاويل ، جى .ا. الان ؛ ترجمة و تقديم توفيق على منصور |
| 250 | _aط1 | ||
| 260 |
_aالقاهرة : _bالمركز القومى للترجمة ، _c2010. |
||
| 300 |
_a685 ص ؛ _c24 سم. |
||
| 490 |
_aالمشروع القومى للترجمة ؛ _v1468 |
||
| 504 | _aيشتمل على ارجاعات ببليوجرافية و فهرس | ||
| 650 | 0 | 4 | _aنهر النيل |
| 650 | 0 | 4 |
_aنهر النيل _xالجسور |
| 650 | 0 | 4 |
_aنهر النيل _xالقوى المائية |
| 650 | 0 | 4 |
_aنهر النيل _xالملاحة |
| 700 | 1 |
_aهاويل ، بى . بى _eمحرر |
|
| 700 | 1 |
_aالان ، جى .ا. _eمحرر مشارك |
|
| 700 | 0 |
_aتوفيق على منصور _eمترجم و مقدم |
|
| 942 |
_2ddc _cBK |
||
| 999 |
_c61268 _d61268 |
||